| 000 | 00485nam a2200145 a 4500 | ||
|---|---|---|---|
| 008 | 120416s0000 ||||||||||||||||| || u | ||
| 020 | _a007093178x | ||
| 050 | _aTA 330 Coc | ||
| 100 | _aCochrane, Ian D | ||
| 245 | 1 | 0 | _aEngineering mathematics 2 |
| 260 |
_aNew York _bMcGraw-Hill _c1973 |
||
| 300 | _ax, 249p. : ill. | ||
| 350 | _a0.00 | ||
| 995 |
_D0.00 _FCBU-MAIN LIBRARY (Kitwe) _H1 _I0.25 _M1 _UDAMAGED _ZMain Library Open Access Collection |
||
| 999 |
_c41960 _d41960 |
||